000 00326nam a2200169Ia 4500
100 _aRao/Nageswara R
650 _aPython
942 _cBK
366 _f20
654 _apython
245 _aCore python programming
260 _bDreamtech
_c2017
082 _bRAO
300 _a715
546 _aENGLISH
999 _c25847
_d25847